000 00500nam a2200169Ia 4500
008 090711s9999 xx 000 0 und d
082 _b309
100 _aघाणेकर प्र. के.
245 _aसिंहगड
260 _bस्नेहल प्रकाशन
_c1999
300 _a54
600 _aघाणेकर प्र. के.
630 _aसिंहगड
700 _aघाणेकर प्र. के.
730 _aसिंहगड
942 _cBOOK
999 _c335230
_d335230